<?xml version="1.0" encoding="UTF-8"?><?xml-stylesheet type="text/xsl" href="static/style.xsl"?><OAI-PMH xmlns="http://www.openarchives.org/OAI/2.0/" xmlns:xsi="http://www.w3.org/2001/XMLSchema-instance" xsi:schemaLocation="http://www.openarchives.org/OAI/2.0/ http://www.openarchives.org/OAI/2.0/OAI-PMH.xsd"><responseDate>2026-06-01T11:52:39Z</responseDate><request verb="GetRecord" identifier="oai:riuma.uma.es:10630/9659" metadataPrefix="marc">https://riuma.uma.es/rest/oai/request</request><GetRecord><record><header><identifier>oai:riuma.uma.es:10630/9659</identifier><datestamp>2026-02-03T12:21:05Z</datestamp><setSpec>com_10630_2254</setSpec><setSpec>col_10630_37959</setSpec></header><metadata><record xmlns="http://www.loc.gov/MARC21/slim" xmlns:dcterms="http://purl.org/dc/terms/" xmlns:doc="http://www.lyncode.com/xoai" xmlns:xsi="http://www.w3.org/2001/XMLSchema-instance" xsi:schemaLocation="http://www.loc.gov/MARC21/slim http://www.loc.gov/standards/marcxml/schema/MARC21slim.xsd">
   <leader>00925njm 22002777a 4500</leader>
   <datafield ind2=" " ind1=" " tag="042">
      <subfield code="a">dc</subfield>
   </datafield>
   <datafield ind2=" " ind1=" " tag="720">
      <subfield code="a">Ayala Cañón, Luis</subfield>
      <subfield code="e">author</subfield>
   </datafield>
   <datafield ind2=" " ind1=" " tag="260">
      <subfield code="c">2015-04-15</subfield>
   </datafield>
   <datafield ind2=" " ind1=" " tag="520">
      <subfield code="a">Governments can soften the impact of the business cycle on welfare spending. Depending on the political costs and the extent of unemployment, they might choose between a decrease in the proportion of accepted applications, a decrease in the level of benefits, or some combination of the two. This paper is motivated by this concern, weaving together the intensive literature on the determinants of welfare caseloads and the fundamentals of public choice theory applied to the design of welfare programs. The paper is based on data from the minimum income program of Catalonia’s government (PIRMI). We use autoregressive distributed lag models to find that the generosity of the program is clearly predictive of the receipt of benefits even in contexts of high and growing unemployment rates. We also find a fairly strong correlation between unemployment growth and the proportion of rejected applications and a trade-off between the level of benefits and rejections.</subfield>
   </datafield>
   <datafield ind1="8" ind2=" " tag="024">
      <subfield code="a">http://hdl.handle.net/10630/9659</subfield>
   </datafield>
   <datafield tag="653" ind2=" " ind1=" ">
      <subfield code="a">Estado del bienestar</subfield>
   </datafield>
   <datafield ind2="0" ind1="0" tag="245">
      <subfield code="a">Economic downturns, endogenous Government Policy and Welfare Caseloads</subfield>
   </datafield>
</record>
</metadata></record></GetRecord></OAI-PMH>